Análisis de los vicios de la voluntad en el Código Civil y Comercial (Registro nro. 31722)

Detalles MARC
000 -LEADER
fixed length control field 00435 a2200133 4500
001 - CONTROL NUMBER
control field ART_45669
005 - DATE AND TIME OF LATEST TRANSACTION
control field 20260410162006.0
008 - FIXED-LENGTH DATA ELEMENTS--GENERAL INFORMATION
fixed length control field 260409a
100 1# - MAIN ENTRY--PERSONAL NAME
Personal name Tanzi, Silvia Y.
245 10 - TITLE STATEMENT
Title Análisis de los vicios de la voluntad en el Código Civil y Comercial
700 1# - ADDED ENTRY--PERSONAL NAME
Personal name Corna, Pablo M.
700 1# - ADDED ENTRY--PERSONAL NAME
Personal name Fossaceca, Carlos Alberto (h)
773 0# - HOST ITEM ENTRY
Title Temas de derecho civil
Related parts - Año 4, Nº 2 (feb. 2018)
Record control number REV34778

No hay ítems disponibles.